• 首页
  • 本馆介绍
  • 公告通知
  • 最新文献
  • 馆藏检索
  • 电子资源
  • 读者导购
  • 参考咨询
  • 我的图书馆
  • 登录
  • 详细信息显示
  • 放入我的书架
  • 预约/预借图书
  • 作者相关作品
  • 分类相关作品
  • 丛书相关作品
  • 出版社相关作品

书目信息

  • 表格格式
  • 工作单格式
  • 卡片格式
题名:
毛泽东思想和中国特色社会主义理论体系概论学习指导教程
    
 
作者: 宋合利 主编
分册:  
出版信息: 济南   山东人民出版社  2016.01
页数: 198页
开本: 24cm
丛书名: 思想政治理论课学习指导系列丛书
单 册:
中图分类: A84 , D610
科图分类:
主题词: 毛泽东思想--高等学校--教学参考资料 , 中国特色社会主义--理论体系--高等学校--教学参考资料
电子资源:
ISBN: 978-7-209-09039-1
000 01326oam2 2200301 450
001 0120161789238
005 20160614143859.73
010    @a978-7-209-09039-1@dCNY23.00
100    @a20160308d2016 em y0chiy50 ea
101 0  @achi
102    @aCN@b370000
105    @ay z 000yy
106    @ar
200 1  @a毛泽东思想和中国特色社会主义理论体系概论学习指导教程@9mao ze dong si xiang he zhong guo te se she hui zhu yi li lun ti xi gai lun xue xi zhi dao jiao cheng@f宋合利主编
210    @a济南@c山东人民出版社@d2016.01
215    @a198页@d24cm
225 2  @a思想政治理论课学习指导系列丛书
300    @a山东省教育科学“十二五”规划课题“地方本科院校思想政治理论课教育模式改革研究与实践”(项目编号:2011JG438) 德州学院教材建设经费资助项目
330    @a本书分为《理论学习指导》和《实践训练指导》两篇。其内容包括:马克思主义中国化两大理论成果、新民主主义革命理论、社会主义改造理论、社会主义建设道路初步探索的理论成果、建设中国特色社会主义总依据等。
333    @a高校相关专业师生,广大党员干部
461  0 @12001 @a思想政治理论课学习指导系列丛书
606 0  @a毛泽东思想@x高等学校@j教学参考资料
606 0  @a中国特色社会主义@x理论体系@x高等学校@j教学参考资料
690    @aA84@v5
690    @aD610@v5
701  0 @a宋合利@9song he li@4主编
801  0 @aCN@b人天书店@c20160308
905    @b879154-59@dA84@e144@f6
    
    毛泽东思想和中国特色社会主义理论体系概论学习指导教程/宋合利主编.-济南:山东人民出版社,2016.01
    198页;24cm.-(思想政治理论课学习指导系列丛书)
    山东省教育科学“十二五”规划课题“地方本科院校思想政治理论课教育模式改革研究与实践”(项目编号:2011JG438) 德州学院教材建设经费资助项目.-使用对象:高校相关专业师生,广大党员干部
    
    ISBN 978-7-209-09039-1:CNY23.00
    本书分为《理论学习指导》和《实践训练指导》两篇。其内容包括:马克思主义中国化两大理论成果、新民主主义革命理论、社会主义改造理论、社会主义建设道路初步探索的理论成果、建设中国特色社会主义总依据等。
●
相关链接 在E读中查询图书 在五车中查询图书 在当当中查询图书 在豆瓣中查询图书


正题名:毛泽东思想和中国特色社会主义理论体系概论学习指导教程     索取号:A84/144         预约/预借

序号 登录号 条形码 馆藏地/架位号 状态 备注
1 879154   208791547   第一样本阅览室/ [索取号:A84/144] 在馆    
2 879155   208791556   教育系资料室/ [索取号:A84/144] 在馆    
3 879156   208791565   教育系资料室/ [索取号:A84/144] 在馆    
4 879157   208791574   教育系资料室/ [索取号:A84/144] 在馆    
5 879158   208791583   第一借阅区/ [索取号:A84/144] 在馆    
6 879159   208791592   第一借阅区/ [索取号:A84/144] 在馆    
唐山师范学院图书馆 欢迎您!
大连网信软件有限公司© 版权所有